El criticón

Gorde:
Xehetasun bibliografikoak
Egile nagusia: Gracián y Morales, Baltasar (Egilea)
Formatua: Liburua
Hizkuntza:gaztelania
Argitaratua: Buenos Aires Sopena 1940
Saila:Biblioteca Mundial Sopena
Gaiak:
Etiketak: Etiketa erantsi
Etiketarik gabe, Izan zaitez lehena erregistro honi etiketa jartzen!

MARC

LEADER 00000nam a2200000 a 4500
001 UCI4811
003 CL-VaPUC
008 080307e19400000AG |||||||||||||||||spa|d
082 0 4 |a 863  |b GRA  |2 21 
100 0 |a Gracián y Morales, Baltasar  |e author  |9 314545 
245 1 3 |a El criticón 
300 |a v 
942 |c BK 
945 |d 20080307 00:00:00  |a rbrito 
260 |a Buenos Aires  |b Sopena  |c 1940 
500 |a Donación padres capuchinos 
650 0 |a Novelas españolas  |9 265052 
583 |a last modification  |c 20080307 00:00:00  |k Rodrigo Vera 
490 0 |a Biblioteca Mundial Sopena 
999 |c 328658  |d 328656 
952 |0 0  |1 0  |4 0  |6 863_000000000000000_GRA_1940  |7 0  |8 X  |9 412728  |a FDOBUD  |b FDOBUD  |d 2019-11-22  |h v.1  |i 4409019  |o 863 GRA 1940  |p 4409019  |r 2019-11-22  |w 2019-11-22  |y BK_X  |k BUD